1560 1563 1454 1735 1204 1791 1101 1066 1279 1186 1610 1763 1808 1127 1934 1579 1900 1731 1317 1351 1309 1768 1189 1307 1916 1685 1794 1312 1816 1014 1334 1241 1735 1587 1438 1574 1078 1157 1176 1737 1959 1618 1869 1353 1370 1432 1962 1938 1647 1749 1461 1831 1664 1807 1454 1933 1965 1165 1479 1517 1886 1553 1623 1544 1014 1354 1615 1014 1173 1119 1364 1039 1601 1161 1723 1930 1627 1456 1974 1520 1292 1462 1058 1186 1298 1859 1357 1991 1102 1039 1829 1434 1452 1706 1889 1413 1098 1087 1352 BCNSPRNW ULIB Ver.6.0+V

เปลี่ยนเป็นภาษาไทย

Change to English
 แสดงรายละเอียดบรรณานุกรม
  กลับหน้าหลัก

Brief Record : Get Marc (ISO 2709) : E-mail record : QR code < ปิดหน้าต่าง
LEADER : 00000nam 2200000uu 4500
001    13399112252
003     ULIB
008    110802s2554||||th 000 0 tha d
020    9786160603718
090    นว.^bอ525ม 2554
100 0  อัญชรีย์
245 00 มนตราวิวาห์หวาน/^cอัญชรีย์
250    พิมพ์ครั้งที่ 2
260    กรุงเทพฯ:^bแจ่มใส, 2554
300    381 หน้า
945    ^p239^l0^i18470
995    เกษร
999    ^aใช้งานได้ทุกระบบ
รายการนี้ยังไม่มีแท็ก
คุณยังไม่ได้ล็อกอิน คุณสามารถมีกิจกรรมร่วมกับเว็บไซต์ได้ แต่ต้องล็อกอินก่อน ::
  ล็อกอิน

รายการสื่อสารสนเทศ

ลำดับที่ ประเภท เลขเรียก/บาร์โค้ด สถานที่ สถานะ
1. วิทยาศาสตร์การแพทย์ และสุขภาพ
วิทยาศาสตร์การแพทย์ และสุขภาพ
นว. อ525ม 2554  
  Barcode: 18470
ห้องสมุดวิทยาเขตสวรรค์ประชารักษ์
►นวนิยาย
บนชั้น
  ขอยืม

รายการใกล้เคียง
    ผู้แต่ง [อัญชรีย์]

BibComment


ยังไม่เคยถูกคอมเมนท์

คอมเมนท์ทรัพยากรรายการนี้
  คอมเมนท์: มนตราวิวาห์หวาน อ..


 Copyright 2026. Bcnsprnw @Library